Pokémon - Les attaques signatures #1 - Statistiques

Statistiques générales
  • Ce quiz a été pris 21 fois
  • Le résultat moyen est 15 sur 20
Statistiques - réponses
Pokémons Réponse % Correct
Lucario Aurasphère
100%
Dialga Hurle temps
94%
Ossatueur Osmerang
94%
Pyrobut Ballon brûlant
89%
Victini Coup victoire
89%
Queulorior Gribouille
89%
Arceus Jugement
83%
Groudon Lame pangéenne
83%
Sucreine Botte sucrette
78%
Brutalibré Flying Press
78%
Mewtwo Frappe psy
78%
Xerneas Géo-Contrôle
72%
Lippoutou Grobisou
72%
Malvalame Lame en peine
72%
Forgellina Marteau mastoc
72%
Deoxys Psycho-Boost
67%
Raichu Electacle
61%
Morpeko Roue libre
61%
Zekrom Charge foudre
56%
Solgaleo Choc météores
17%
Aucun quiz correspondant
Distribution des résultats
% des personnes avec chaque résultat
Percentile par nombre de réponses
Votre historique - résultats
Vous n’avez pas pris ce quiz